|
|
|
|
| LEADER |
00000nam2a2200000 4500 |
| 001 |
315188 |
| 005 |
20231102002743.0 |
| 020 |
|
|
|a RU
|b 82-59438
|
| 035 |
|
|
|a (RuTPU)RU\TPU\book\340621
|
| 090 |
|
|
|a 315188
|
| 100 |
|
|
|a 20160226g1982 km y0rusy5003 ca
|
| 101 |
0 |
|
|a rus
|
| 102 |
|
|
|a BY
|
| 105 |
|
|
|a y z 101zy
|
| 200 |
0 |
|
|a Ч. 1
|
| 210 |
|
|
|d 1982
|
| 215 |
|
|
|a 248
|
| 320 |
|
|
|9 572
|a Библиогр. в конце ст.
|
| 320 |
|
|
|9 572
|a Алф. указ.: с. 239-247
|
| 461 |
|
1 |
|0 (RuTPU)RU\TPU\book\376685
|t X Всесоюзная конференция по сегнетоэлектричеству и применению сегнетоэлектриков в народном хозяйстве
|o тезисы докладов
|o в 2 ч.
|f Академия наук Белорусской ССР (АН БССР) ; Минский педагогический институт ; Минский радиотехнический институт ; под ред. Г. А. Заборовского
|v Ч. 1
|d 1982
|
| 606 |
1 |
|
|a Сегнетоэлектричество
|2 stltpush
|3 (RuTPU)RU\TPU\subj\54335
|9 72492
|
| 610 |
1 |
|
|a конференции
|
| 610 |
1 |
|
|a сегнетоэлектрики
|
| 610 |
1 |
|
|a применение
|
| 610 |
1 |
|
|a народное хозяйство
|
| 610 |
1 |
|
|a кристаллохимия
|
| 610 |
1 |
|
|a структура
|
| 610 |
1 |
|
|a фазовые переходы
|
| 610 |
1 |
|
|a оптические свойства
|
| 610 |
1 |
|
|a оптическая спектроскопия
|
| 610 |
1 |
|
|a электрооптика
|
| 610 |
1 |
|
|a упругие свойства
|
| 610 |
1 |
|
|a тепловые свойства
|
| 675 |
|
|
|a 621.319.1(063)
|z rus
|
| 801 |
|
0 |
|a RU
|b RuMRKP
|c 19950704
|g psbo
|
| 801 |
|
1 |
|a RU
|b 63413507
|c 20160226
|
| 801 |
|
2 |
|a RU
|b 63413507
|c 20200605
|g RCR
|
| 942 |
|
|
|c BK
|